000 00848nam a2200325 a 4500
003 AR-BaBNM
005 20251128204140.0
008 082120s2002 ||||||||||||||000 | spa||
020 _a950-03-0388-4
040 _cAR-BaBNM
245 0 0 _aLa prosa argentina del 80
250 _a1ª ed.
260 _aBuenos Aires
_bLosada
_c1991
300 _a139 p.
490 0 _aBiblioteca clásica y contemporánea
_vv. 503
500 _aContiene referencias bibliográficas en p. 21
650 4 _aLITERATURA ARGENTINA
650 4 _aHISTORIA ARGENTINA
650 4 _aCUENTOS
650 4 _aANTOLOGIAS
650 4 _aSIGLO DIECINUEVE
650 4 _aGENERACION DE 1880
650 4 _aHUMOR
650 4 _aFORMAS Y GEN
653 _aNARRATIVA
655 _aLITERATURA
700 1 _aGrotta, Nydia M.
_ecompilador
942 _cBK
998 _cMARTIN
999 _c6375
_d6375